Revitalizácia areálu domova seniorov v Lehniciach.

Guardado en:
Detalles Bibliográficos
Autor principal: Lőrinczová, Noémi (Autor)
Otros Autores: Stankoci, Ivan (Orientador)
Formato: Manuscrito Libro
Lenguaje:eslovaco
Publicado: 2020
Materias:
Acceso en línea:http://is.stuba.sk/zp/portal_zp.pl?podrobnosti=152079
https://opac.crzp.sk/?fn=detailBiblioForm&sid=F5195A1FF5FC85745246A1DFA517
Etiquetas: Agregar Etiqueta
Sin Etiquetas, Sea el primero en etiquetar este registro!

MARC

LEADER 00000ntm a22000003a 4500
001 stuzp81151
003 SK-STU
005 20230519112525.2
007 ta
008 150427s2015----xo-----f-mn---000-0-slo-d
040 |a STU  |b slo 
041 0 |a slo 
100 1 |a Lőrinczová, Noémi  |u 010160  |4 aut  |U SvF Stavebná fakulta  |T SvF Katedra vodného hospodárstva krajiny  |X 82353  |U V160  |Y 16  |7 82353 
242 0 1 |a Revitalization of the retirement home in Lehnice.  |y eng 
245 1 0 |a Revitalizácia areálu domova seniorov v Lehniciach. 
260 |c 2020 
650 4 |a park  |2 slo 
650 4 |a domov seniorov  |2 slo 
650 4 |a revitalizácia  |2 slo 
650 4 |a kaštieľ  |2 slo 
650 4 |a Vitalita  |2 slo 
650 4 |a park  |2 eng 
650 4 |a care home for the elderly  |2 eng 
650 4 |a revitalization  |2 eng 
650 4 |a castle  |2 eng 
650 4 |a Vitalita  |2 eng 
700 1 |a Stankoci, Ivan  |u 057170  |k Z1  |4 ths  |U FAD Fakulta architektúry  |T FA Ústav krajinnej a záhradnej architektúry  |X 5043  |U A7170  |Y 398  |7 A000005043 
856 4 |u http://is.stuba.sk/zp/portal_zp.pl?podrobnosti=152079 
856 4 |u https://opac.crzp.sk/?fn=detailBiblioForm&sid=F5195A1FF5FC85745246A1DFA517